00281nam a22000977a 4500008004100000082002100041100001300062245004900075260004800124300001100172230629b xxu||||| |||| 00| 0 eng d a346.06bMAI 1972 cK. Maini aCo-operatives and Law with Emphasis on Kenya aKenyabEast African Literature Bureauc1972 aV,117p